<?xml version="1.0" encoding="UTF-8"?>
<record
    xmlns:xsi="http://www.w3.org/2001/XMLSchema-instance"
    xsi:schemaLocation="http://www.loc.gov/MARC21/slim http://www.loc.gov/standards/marcxml/schema/MARC21slim.xsd"
    xmlns="http://www.loc.gov/MARC21/slim">

  <leader>01689nam a2200337 i 4500</leader>
  <controlfield tag="003">DO-SdBNP</controlfield>
  <controlfield tag="005">20250704101009.0</controlfield>
  <controlfield tag="007">ta</controlfield>
  <controlfield tag="008">250626b2010    dr aco|| |||| 001 0 spa d</controlfield>
  <datafield tag="040" ind1=" " ind2=" ">
    <subfield code="a">DO-SdBNP</subfield>
    <subfield code="b">spa</subfield>
    <subfield code="c">BNPHU</subfield>
    <subfield code="e">rda</subfield>
  </datafield>
  <datafield tag="082" ind1=" " ind2=" ">
    <subfield code="a">070.4 </subfield>
    <subfield code="b">L773</subfield>
    <subfield code="2">22</subfield>
  </datafield>
  <datafield tag="110" ind1="1" ind2=" ">
    <subfield code="a">List&#xED;n Diario (Rep&#xFA;blica Dominicana)</subfield>
    <subfield code="9">53034</subfield>
  </datafield>
  <datafield tag="245" ind1="1" ind2="0">
    <subfield code="a">Listin Diario : </subfield>
    <subfield code="b">la herencia del pasado, el respeto del presente y la conquista del futuro : 120 a&#xF1;os /</subfield>
    <subfield code="c">autores, Nereida Lahit Bignott, Mar&#xED;a Isabel Soldevila Brea, Yaniris L&#xF3;pez</subfield>
  </datafield>
  <datafield tag="264" ind1=" " ind2=" ">
    <subfield code="a">Santo Domingo :</subfield>
    <subfield code="b">Editora List&#xED;n Diario ,</subfield>
    <subfield code="c">2010.</subfield>
  </datafield>
  <datafield tag="300" ind1=" " ind2=" ">
    <subfield code="a">297 p&#xE1;ginas ;</subfield>
    <subfield code="b">ilustraciones, retratos, fotograf&#xED;as </subfield>
    <subfield code="c">32 cm.</subfield>
  </datafield>
  <datafield tag="336" ind1=" " ind2=" ">
    <subfield code="a">texto</subfield>
    <subfield code="b">txt</subfield>
    <subfield code="2">rdacontent</subfield>
  </datafield>
  <datafield tag="337" ind1=" " ind2=" ">
    <subfield code="a">sin mediaci&#xF3;n</subfield>
    <subfield code="b">n</subfield>
    <subfield code="2">rdamedia</subfield>
  </datafield>
  <datafield tag="338" ind1=" " ind2=" ">
    <subfield code="a">volumen</subfield>
    <subfield code="b">nc</subfield>
    <subfield code="2">rdacarrier</subfield>
  </datafield>
  <datafield tag="500" ind1=" " ind2=" ">
    <subfield code="a">Incluye &#xED;ndice onom&#xE1;stico. </subfield>
  </datafield>
  <datafield tag="504" ind1=" " ind2=" ">
    <subfield code="a">Bibliograf&#xED;a p: 296-297</subfield>
  </datafield>
  <datafield tag="505" ind1=" " ind2=" ">
    <subfield code="t">Mensaje del se&#xF1;or Ram&#xF3;n B&#xE1;ez Rom&#xE1;n, presidente del List&#xED;n Diario -- </subfield>
    <subfield code="t">Carta del se&#xF1;or Miguel Franjul, director del List&#xED;n Diario -- </subfield>
    <subfield code="t">Nuestra historia -- </subfield>
    <subfield code="t">Nuestros colaboradores hist&#xF3;ricos -- </subfield>
    <subfield code="t">120 a&#xF1;os en im&#xE1;genes -- </subfield>
    <subfield code="t">La Rep&#xFA;blica -- </subfield>
    <subfield code="t">El deporte -- </subfield>
    <subfield code="t">La vida y las sociales -- </subfield>
    <subfield code="t">Econom&#xED;a y negocios -- </subfield>
    <subfield code="t">Entretenimiento -- </subfield>
    <subfield code="t">Sobre los autores /</subfield>
  </datafield>
  <datafield tag="590" ind1=" " ind2=" ">
    <subfield code="a">Inventariado, 2025/ YL</subfield>
  </datafield>
  <datafield tag="650" ind1=" " ind2="7">
    <subfield code="a">Alimentaci&#xF3;n </subfield>
    <subfield code="z">Aspectos sociales y econ&#xF3;micos</subfield>
    <subfield code="9">88192</subfield>
  </datafield>
  <datafield tag="650" ind1=" " ind2="7">
    <subfield code="a">Alimentaci&#xF3;n </subfield>
    <subfield code="x">Higiene y salud</subfield>
    <subfield code="9">88193</subfield>
  </datafield>
  <datafield tag="650" ind1=" " ind2="7">
    <subfield code="a">Alimentos </subfield>
    <subfield code="x">Conservaci&#xF3;n</subfield>
    <subfield code="9">88194</subfield>
  </datafield>
  <datafield tag="700" ind1="1" ind2=" ">
    <subfield code="a">Lahit Bignott, Nereida </subfield>
    <subfield code="e">autor, </subfield>
    <subfield code="4">aut.</subfield>
    <subfield code="9">62121</subfield>
  </datafield>
  <datafield tag="700" ind1="1" ind2=" ">
    <subfield code="a">Soldevila Brea, Mar&#xED;a Isabel </subfield>
    <subfield code="e">autor</subfield>
    <subfield code="4">aut.</subfield>
    <subfield code="9">88198</subfield>
  </datafield>
  <datafield tag="700" ind1="1" ind2=" ">
    <subfield code="a">L&#xF3;pez, Yaniris </subfield>
    <subfield code="e">autor</subfield>
    <subfield code="4">aut.</subfield>
    <subfield code="9">88199</subfield>
  </datafield>
  <datafield tag="910" ind1=" " ind2=" ">
    <subfield code="a">YLockward</subfield>
  </datafield>
  <datafield tag="942" ind1=" " ind2=" ">
    <subfield code="2">ddc</subfield>
    <subfield code="c">LBS1</subfield>
  </datafield>
  <datafield tag="952" ind1=" " ind2=" ">
    <subfield code="0">0</subfield>
    <subfield code="1">0</subfield>
    <subfield code="2">ddc</subfield>
    <subfield code="5">1</subfield>
    <subfield code="7">0</subfield>
    <subfield code="8">PD</subfield>
    <subfield code="a">BNPHU</subfield>
    <subfield code="b">BNPHU</subfield>
    <subfield code="c">CT</subfield>
    <subfield code="d">2024-02-05</subfield>
    <subfield code="e">Donaci&#xF3;n </subfield>
    <subfield code="l">0</subfield>
    <subfield code="o">BNPHU PD 070.4  L773</subfield>
    <subfield code="p">2025-5770</subfield>
    <subfield code="r">2025-06-26</subfield>
    <subfield code="w">2025-06-26</subfield>
    <subfield code="y">LBS1</subfield>
  </datafield>
  <datafield tag="952" ind1=" " ind2=" ">
    <subfield code="0">0</subfield>
    <subfield code="1">0</subfield>
    <subfield code="2">ddc</subfield>
    <subfield code="5">1</subfield>
    <subfield code="7">0</subfield>
    <subfield code="8">PD</subfield>
    <subfield code="a">BNPHU</subfield>
    <subfield code="b">BNPHU</subfield>
    <subfield code="c">CT</subfield>
    <subfield code="d">2023-11-22</subfield>
    <subfield code="e">Donado por M&#xF3;nica Despradel</subfield>
    <subfield code="l">0</subfield>
    <subfield code="o">BNPHU PD 070.4  L773</subfield>
    <subfield code="p">2025-6189</subfield>
    <subfield code="r">2025-07-04</subfield>
    <subfield code="t">e. 2</subfield>
    <subfield code="w">2025-07-04</subfield>
    <subfield code="y">LBS1</subfield>
  </datafield>
  <datafield tag="952" ind1=" " ind2=" ">
    <subfield code="0">0</subfield>
    <subfield code="1">0</subfield>
    <subfield code="2">ddc</subfield>
    <subfield code="5">6</subfield>
    <subfield code="7">0</subfield>
    <subfield code="8">DS</subfield>
    <subfield code="a">BNPHU</subfield>
    <subfield code="b">BNPHU</subfield>
    <subfield code="c">CT</subfield>
    <subfield code="d">2022-01-19</subfield>
    <subfield code="e">Donado por el Colegio Dominico Espa&#xF1;ol</subfield>
    <subfield code="l">0</subfield>
    <subfield code="o">BNPHU PD 070.4  L773</subfield>
    <subfield code="p">2025-6190</subfield>
    <subfield code="r">2025-07-04</subfield>
    <subfield code="t">e. 3</subfield>
    <subfield code="w">2025-07-04</subfield>
    <subfield code="y">LBS1</subfield>
  </datafield>
  <datafield tag="999" ind1=" " ind2=" ">
    <subfield code="c">59384</subfield>
    <subfield code="d">59384</subfield>
  </datafield>
</record>
